00657nas a2200229 4500001001000000003000900010005001700019007000300036008003400039040005400073041000900127072000800136100001600144100001700160100001700177245010500194650000900299650001400308650001700322650001300339773007500352BR8807657BR-BrBNA20231205091420.0ta230509b bl.|||p| |||| 00| 00por d aBR-BrBNAbporcBiblioteca Nacional de Agricultura a(Pt) aH601 aSassi, J.A.1 aVelini, E.D.1 aPalma, V. de1 aAvaliacao de alguns herbicidas na cultura da soja (Glycine max (L.)Merrill), em Bandeirantes, Parana aSOJA aHERBICIDA aERVA DANINHA aPARANÁ0 tPoliagro (Brazil)xISSN 0100-3461g(1987), v. 9(1) p. 29-34wBR8807657